1990 revaluation: some issues affecting rental analysis (Record no. 11608)
[ view plain ]
| 000 -LEADER | |
|---|---|
| fixed length control field | 00897cab a2200193 4500 |
| 001 - CONTROL NUMBER | |
| control field | ABS39567 |
| 008 - FIXED-LENGTH DATA ELEMENTS--GENERAL INFORMATION | |
| fixed length control field | 090401t1988 xxu||||| |||| 00| 0 eng d |
| 035 ## - SYSTEM CONTROL NUMBER | |
| System control number | (Sirsi) u17503 |
| 041 ## - LANGUAGE CODE | |
| Language code of text/sound track or separate title | eng |
| 100 ## - MAIN ENTRY--PERSONAL NAME | |
| Personal name | Brown, P. K. |
| 245 ## - TITLE STATEMENT | |
| Title | 1990 revaluation: some issues affecting rental analysis |
| 260 ## - PUBLICATION, DISTRIBUTION, ETC. | |
| Date of publication, distribution, etc. | 1988 |
| 350 ## - PRICE (NR) (BK AM CF MU VM SE) [OBSOLETE] | |
| Price | 0 |
| 490 ## - SERIES STATEMENT | |
| Series statement | Rating and Valuation |
| Volume/sequential designation | July 1988, 199-200(2) |
| 520 ## - SUMMARY, ETC. | |
| Summary, etc. | The approaching 1990 revaluation , the first in fifteen years, means that rating surveyors must direct themselves to the problems associated with the setting of the tone of the list . Establishing tone means that they must prove levels of value by reference to rent al evidence or possibly by reference to profits or construction cost. This article looks at factors affecting the analysis of available rental evidence. |
| 690 ## - LOCAL SUBJECT ADDED ENTRY--TOPICAL TERM (OCLC, RLIN) | |
| Topical term or geographic name as entry element | RATING AND VALUATION |
| 942 ## - ADDED ENTRY ELEMENTS (KOHA) | |
| Suppress in OPAC | 0 |
| 948 ## - LOCAL PROCESSING INFORMATION (OCLC); SERIES PART DESIGNATOR (RLIN) | |
| c (OCLC) | 04/03/1997 |
| Withdrawn status | Lost status | Source of classification or shelving scheme | Damaged status | Not for loan | Home library | Current library | Shelving location | Date acquired | Total Checkouts | Full call number | Barcode | Date last seen | Copy number | Price effective from | Koha item type |
|---|---|---|---|---|---|---|---|---|---|---|---|---|---|---|---|
| Dewey Decimal Classification | London | London | Journal article | 14/09/1999 | ABS39567 | 17503-1001 | 06/08/2019 | 1 | 06/08/2019 | Journal article |